000
00387nam a2200109Ia 4500
008
221009s9999 xx 000 0 und d
082
_a
741.642 BOOK
100
_a
राष्ट्रीय प्रकाशन मन्दिर
_9
77036
245
0
_a
हमारा मसीहा
260
_b
राष्ट्रीय प्रकाशन मन्दिर
942
_c
BK
999
_c
64652
_d
64652